000 00384nam a2200145Ia 4500
008 090124s9999 xx 000 0 und d
082 _b305223
245 _a धागे दोरे
250 _a1
260 _bजोगळेकर योगिनी
_c2005
300 _a205
630 _a धागे दोरे
730 _a धागे दोरे
942 _cBOOK
999 _c195201
_d195201